Visualizzazione normale
Vista MARC
- Noceti Serena
di Personal Name
Records bibliografici associati: 1
001 - CONTROL NUMBER
- control field: 56893
003 - CONTROL NUMBER IDENTIFIER
- control field:
005 - DATE AND TIME OF LATEST TRANSACTION
- control field: 20180406152518.0
008 - FIXED-LENGTH DATA ELEMENTS
- fixed length control field: 180406|| aca||aabn | a|a d
040 ## - CATALOGING SOURCE
- Original cataloging agency:
- Transcribing agency:
100 ## - HEADING--PERSONAL NAME
- Personal name: Noceti Serena
670 ## - SOURCE DATA FOUND
- Source citation: Work cat.: (): Sartor Paolo 56892, Il segreto di una vita felice, 2017